000
00268nam a2200133Ia 4500
100
_a
Belyaev/N.M
942
_c
BK
654
_a
Materials
245
_a
Strength Of Materials
260
_b
Allies Book Stall
082
_a
620.1
300
_a
449
546
_a
ENGLISH
999
_c
33252
_d
33252